Language Quiz

Random Language or Chinese Quiz

Chinese (Simplified): Numbers Quiz Stats

Quiz not verified by Sporcle

Challenge
Share
Tweet
Embed
Score 0/23 Timer 10:00
0 Plays Today
Number Chinese character % Correct
1
96.7%
8
96.7%
2
95.7%
3
95.7%
4
95.1%
10
94%
5
93.5%
6
92.9%
30三十
90.8%
20二十
90.2%
50五十
90.2%
60六十
90.2%
Number Chinese character % Correct
80八十
90.2%
9
89.7%
40四十
89.7%
7
89.1%
90九十
88%
70七十
85.9%
100一百
69%
1000一千
44%
10000一万
41.3%
100000十万
29.3%
1000000一百万
27.7%

You're not logged in!

Compare scores with friends on all Sporcle quizzes.
Join for Free
OR
Log In

You Might Also Like...

Show Comments

Extras

Top Quizzes Today


Score Distribution

Your Account Isn't Verified!

In order to create a playlist on Sporcle, you need to verify the email address you used during registration. Go to your Sporcle Settings to finish the process.

Report this User

Report this user for behavior that violates our Community Guidelines.

Details: